000 00506nam a2200157 a 4500
001 000029352
005 20200930055509.0
008 110415s2002 dr a 000 0 spa d
040 _aDO-SdBNP
_bspa
_cBNPHU
082 _axx
_bD611s
100 1 _aDisla, Vinicio
_923929
245 1 0 _aSeminario menor San Pío X :
_b40 años de servicios 1962-2002 Santiago de los Caballeros, R.D. /
_cVinicio Disla.
260 _aSanto Domingo :
_bAmigo del Hogar,
_c2002.
300 _a75 p. :
_bil. ;
_c22 cm.
049 _aBNPD
999 _c28844
_d28844